000 00790cam a2200229 a 4500
001 2973984
005 20240221055809.0
008 911108s1991 ii b 011 0 eng
020 _a8120203186
040 _aDLC
_cDLC
_dDLC
082 0 0 _a320.531.
_220
_bDIG.
245 0 0 _aDignity for all :
_bessays in socialism and democracy /
_cedited by George Mathew.
260 _aDelhi :
_bAjanta Publications (India) :
_bDistributors, Ajanta Books International,
_c1991.
300 _axvi, 224 p. ;
500 _aFestschrift honoring George Fernandes, b. 1930, politician and former union minister of India on his 60th birthday.
500 _aIncludes index.
650 0 _aSocialism
650 0 _aSocialism.
700 1 _aMathew, George,
_eedt
700 1 _aFernandes, George,
_eedt
942 _cL
999 _c458
_d458